[Event "Central Region-ch U16"]
[Site "Duitama"]
[Date "2012.05.13"]
[Round "7.6"]
[White "Pacheco Rodriguez, Julian Andres"]
[Black "Rodriguez Velasco, German Enrique"]
[Result "0-1"]
[WhiteElo "1532"]
[BlackElo "1976"]
[PlyCount "41"]
[EventDate "2012.05.10"]
[EventType "swiss"]
[EventRounds "7"]
[EventCountry "COL"]
[SourceTitle "EXT 2024"]
[Source "ChessBase"]
[SourceDate "2023.10.10"]
[SourceVersion "1"]
[SourceVersionDate "2023.10.10"]
[SourceQuality "1"]

1. e4 c5 2. c4 Nc6 3. Nf3 e6 4. d4 cxd4 5. Nxd4 Nf6 6. Nc3 Bb4 7. Bg5 Qa5 8. Bxf6 Bxc3+ 9. bxc3 Qxc3+ 10. Ke2 Qxc4+ 11. Ke3 Qc3+ 12. Bd3 gxf6 13. Nxc6 bxc6 14. Qc1 Qxc1+ 15. Rhxc1 Rb8 16. Rab1 Rxb1 17. Rxb1 Kd8 18. Kd4 Kc7 19. e5 fxe5+ 20. Kxe5 f5 21. Kf6 0-1

[Event "COL-ch School U15"]
[Site "Bogota"]
[Date "2011.12.13"]
[Round "4.8"]
[White "Pacheco Rodriguez, Julian Andres"]
[Black "Camacho Hincapie, Norberto Andres"]
[Result "1-0"]
[WhiteElo "1539"]
[BlackElo "1409"]
[PlyCount "119"]
[EventDate "2011.12.12"]
[EventType "swiss"]
[EventRounds "7"]
[EventCountry "COL"]
[SourceTitle "EXT 2024"]
[Source "ChessBase"]
[SourceDate "2023.10.10"]
[SourceVersion "1"]
[SourceVersionDate "2023.10.10"]
[SourceQuality "1"]

1. e4 e5 2. Nf3 Nc6 3. Bc4 d6 4. 0-0 Nf6 5. Re1 Be7 6. c3 0-0 7. d4 Be6 8. Bxe6 fxe6 9. Bg5 Ne8 10. d5 exd5 11. Bxe7 Qxe7 12. exd5 Nd8 13. Nbd2 c6 14. c4 Nf6 15. Ne4 Nxe4 16. Rxe4 Rf4 17. Rxf4 exf4 18. Qe1 Qxe1+ 19. Rxe1 Nf7 20. Re7 cxd5 21. cxd5 Rc8 22. g3 Ne5 23. Nxe5 dxe5 24. Rxe5 f3 25. h4 Rc1+ 26. Kh2 Kf7 27. d6 Rd1 28. Re7+ Kf8 29. Re3 Rxd6 30. Rxf3+ Ke7 31. Rb3 b6 32. a4 Kd7 33. Kh3 Rd2 34. f4 Kd6 35. a5 Kc7 36. Rc3+ Kb7 37. a6+ Kxa6 38. Rc7 h5 39. Rxg7 Rd1 40. g4 hxg4+ 41. Rxg4 Rb1 42. f5 Rxb2 43. Rf4 Rb3+ 44. Kg4 Rd3 45. f6 Rd8 46. h5 Rf8 47. Kg5 Kb7 48. Kg6 Kc7 49. Kg7 Rd8 50. f7 Rd7 51. h6 a5 52. h7 Kc6 53. h8Q Kb5 54. Kg6 Rxf7 55. Rxf7 a4 56. Qh5+ Kc4 57. Rf4+ Kd3 58. Qh3+ Ke2 59. Qg2+ Ke1 60. Rf1# 1-0